000
00284nam a22001217a 4500
050
0
0
_a
QD451
_b
.G53
100
1
0
_a
Glasstone, S.
245
1
2
_a
A textbook of physical chemistry /
_c
S. Glasstone.
250
_a
2nd ed.
300
_a
xi,1320 p.
650
0
_b
Physical chemistry.
942
_c
GEN
999
_c
1857
_d
1857